Niektoré problémy regulácie ekonomiky v trhovom hospodárstve

Bibliographic Details
Main Author: Farkašovská, Mária, 1948- (Author)
Format: Article
Language:Slovak
Subjects:

MARC

LEADER 00000nab a2200000 a 4500
001 vtls000464838
003 SK-MaSNL
005 20260303161642.0
008 120926c1990 xo 0 slo
015 |a SNBRA19rr/mm-uuuuu 
035 |a CL0464971 
040 |a SNKBUCL  |b slo  |c SNKBUCL  |e AACR2 
041 0 |a slo 
044 |a xo  |c SK 
080 |a 338.242  |2 1981 
100 1 |a Farkašovská, Mária,  |d 1948-  |4 aut  |9 40449 
245 1 0 |a Niektoré problémy regulácie ekonomiky v trhovom hospodárstve  |c Mária Farkašovská 
650 0 7 |a trhová ekonomika  |2 snkbucl  |9 2374 
655 7 |a články zo zborníkov  |2 snkbucl  |9 166140 
773 0 |t Aktuálne otázky regulácie ekonomiky v trhovom hospodárstve  |d Košice : Dom techniky ZSVTS, 1990 
850 |a Slovenská národná knižnica v Martine  |a MTA001 
852 |a SNK  |b KIS3GCP 
958 |a RK 
992 |a RZB 
999 |c 2050149  |d 2052079